Úloha kolektívnych zmlúv Rozhovor s námestníkom ministra práce a sociálnych vecí ČSSR Vladimírom Maříkom

Bibliographic Details
Main Author: Mařík, Vladimír, 1924- (Author)
Format: Article
Language:Slovak
Subjects:

MARC

LEADER 00000nab a2200000 a 4500
001 vtls000358271
003 SK-MaSNL
005 20260302223641.0
008 111201c1989 xo 0 slo
015 |a SNBRB19rr/mm-uuuuu 
035 |a CL0358393 
040 |a SNKBUCL  |b slo  |c SNKBUCL  |e AACR2 
041 0 |a slo 
044 |a xo  |c SK 
080 |a 331.116.3  |2 1981 
100 1 |a Mařík, Vladimír,  |d 1924-  |4 aut  |9 50375 
245 1 0 |a Úloha kolektívnych zmlúv  |b Rozhovor s námestníkom ministra práce a sociálnych vecí ČSSR Vladimírom Maříkom  |c Vladimír Mařík 
650 0 7 |a zmluvy kolektívne  |2 snkbucl  |9 306671 
655 7 |a články z novín a časopisov  |2 snkbucl  |9 267496 
773 0 |t Pravda  |g Roč. 70, č. 174 (26. 7. 1989), s. 1 
850 |a Slovenská národná knižnica v Martine  |a MTA001 
852 |a SNK  |b KIS3GCP 
958 |a RK 
992 |a RBX 
999 |c 1521255  |d 1523185